| 000 | 00644nam a22001695i 4500 | ||
|---|---|---|---|
| 001 | 163735 | ||
| 003 | ES-MaACL | ||
| 005 | 20230906212812.0 | ||
| 008 | 940301s1859 sp |||| | spa d | ||
| 040 |
_aAS _bspa |
||
| 100 | 1 |
_aRodríguez, Ricardo. _9131974 |
|
| 245 | 1 | 0 |
_aMemoria sobre el antiguo monasterio, hoy colegiata de Nuestra Señora de Covadonga / _cpor Ricardo Rodríguez. |
| 260 |
_aMadrid : _b[s.n.], _c1859 ( _fImprenta de Beltrán y Viñas) |
||
| 300 |
_a39 p. ; _c26 cm. |
||
| 610 | 1 | 4 |
_aSantuario de Nuestra Señora de Covadonga- _xHistoria. _9134842 |
| 852 |
_aES-MaACL _jT-204-F-3 _z-- Enc. hol. _z-- Enc. en un vol. facticio |
||
| 999 |
_c163735 _d163735 |
||